| 000 | 00631nam a2200181 a 4500 | ||
|---|---|---|---|
| 005 | 20140412111306.0 | ||
| 008 | 010502s19uu xx 00 eng d | ||
| 020 | _a1-85270-005-X | ||
| 050 |
_aTR(GS 420.7 _bS31 1987 |
||
| 100 | _aSalt, Jane | ||
| 245 |
_aLearning to write, 1 : _ba practice workbook on the first stages of handwriting / _ceducational adviser Jane Salt; illustrated by Simone Abel. |
||
| 260 |
_aLondon : _bThe Parent and Child Programme, _c1987. |
||
| 300 | _a24p. ; ill. | ||
| 440 | _aThe Parent and Child Programme | ||
| 520 | _aWorkbook on the handwriting, age 4-5 | ||
| 650 | _aWriting | ||
| 999 |
_c103688 _d103688 |
||